Somatopédia pre vychovávateľov

Bibliographic Details
Main Author: Kollárová, Ema, 1934- (Author)
Format: Book
Language:Slovak
PhysicalDescription:118 strán 21 cm
Published: Bratislava Univerzita Komenského 2004
ISBN:8022315915
Edition:2. preprac. vyd.
Subjects:

MARC

LEADER 00000cam a2200000 a 4500
001 vtls001478596
003 SK-MaSNL
005 20260301163757.0
008 240226s2004 xo frnp 000 0 slo
015 |a SNBA2006/01-00460 
020 |a 8022315915  |q (brožované) 
035 |a SNK000433896 
035 |a urn:nbn:sk:snk-am3ixx0 
035 |a 87A09392-7C77-4A62-AF87-57F03A2EDE3C 
035 |a urn:nbn:sk:snk-am00g5sy 
040 |a SNK  |b slo  |c SNK  |e AACR2 
041 0 |a slo 
044 |a xo  |c SK 
072 7 |a 376  |x Výchova a vzdelávanie zvláštnych skupín osôb  |2 konspekt 
072 7 |a 316.3  |x Globálne spoločnosti. Sociálna štruktúra. Sociálne skupiny  |2 konspekt 
072 7 |a 37.016  |x Učebné osnovy. Vyučovacie predmety. Učebnice  |2 konspekt 
080 |a 376  |2 2011 
080 |a 376  |2 2001 
080 |a 316.344.6-056.26/.3-053.2  |2 2011 
080 |a (075.8)  |2 2011 
100 1 |a Kollárová, Ema,  |d 1934-  |4 aut  |9 8999 
245 1 0 |a Somatopédia pre vychovávateľov  |c Ema Kollárová 
250 |a 2. preprac. vyd. 
260 |a Bratislava  |b Univerzita Komenského  |c 2004 
300 |a 118 strán  |c 21 cm 
366 |e 200 kusov 
504 |a Bibliografia na strane 114-118 
650 0 7 |a výchova a vzdelávanie  |2 SNKPH  |9 1684 
650 0 7 |a somatopédia  |2 SNKPH  |9 69542 
650 0 7 |a zdravotne postihnuté deti  |2 SNKPH  |9 1075 
655 7 |a učebnice vysokých škôl  |2 SNKPH  |9 70191 
919 |a 80-223-1591-5 
958 |a TL 
958 |a NB 
958 |a UV 
958 |a OND 
999 |c 818202  |d 820132 
952 |a SNK  |b SNK  |y PREZ  |7 0  |p 17A0437332  |o snkSC 116616  |i snkKSP 9398/2004  |0 0  |1 0  |4 0  |d 2004-07-15  |f 1  |l 0  |r 2025-10-16 00:00:00  |w 2026-02-24 
952 |t snkKOL 376   |a SNKUST  |b SNKUST  |y PREZ  |7 0  |p 17A0437329  |o snkSC 116616 D1  |i snkKSP 9399/2004  |0 0  |1 0  |4 0  |d 2004-07-15  |l 0  |r 2025-03-19 00:00:00  |w 2026-02-24